<?xml version="1.0" encoding="UTF-8"?>
<marc:record xmlns:marc="http://www.loc.gov/MARC21/slim" type="Bibliographic">
   <marc:leader>00000pam a2200000 c 4500</marc:leader>
   <marc:controlfield tag="001">958787433</marc:controlfield>
   <marc:controlfield tag="003">DE-101</marc:controlfield>
   <marc:controlfield tag="005">20171203085153.0</marc:controlfield>
   <marc:controlfield tag="007">tu</marc:controlfield>
   <marc:controlfield tag="008">000330s2000    gw ||||| |||| 00||||ger  </marc:controlfield>
   <marc:datafield ind1=" " ind2=" " tag="015">
      <marc:subfield code="a">00,A31,0181</marc:subfield>
      <marc:subfield code="z">00,N18,0075</marc:subfield>
      <marc:subfield code="2">dnb</marc:subfield>
   </marc:datafield>
   <marc:datafield ind1="7" ind2=" " tag="016">
      <marc:subfield code="2">DE-101</marc:subfield>
      <marc:subfield code="a">958787433</marc:subfield>
   </marc:datafield>
   <marc:datafield ind1=" " ind2=" " tag="020">
      <marc:subfield code="a">9783631365014</marc:subfield>
      <marc:subfield code="c">kart. : DM 79.00 (freier Pr.)</marc:subfield>
      <marc:subfield code="9">978-3-631-36501-4</marc:subfield>
   </marc:datafield>
   <marc:datafield ind1=" " ind2=" " tag="020">
      <marc:subfield code="a">3631365012</marc:subfield>
      <marc:subfield code="c">kart. : DM 79.00 (freier Pr.)</marc:subfield>
      <marc:subfield code="9">3-631-36501-2</marc:subfield>
   </marc:datafield>
   <marc:datafield ind1=" " ind2=" " tag="035">
      <marc:subfield code="a">(DE-599)DNB958787433</marc:subfield>
   </marc:datafield>
   <marc:datafield ind1=" " ind2=" " tag="035">
      <marc:subfield code="a">(OCoLC)247039683</marc:subfield>
   </marc:datafield>
   <marc:datafield ind1=" " ind2=" " tag="040">
      <marc:subfield code="a">1240</marc:subfield>
      <marc:subfield code="b">ger</marc:subfield>
      <marc:subfield code="c">DE-101</marc:subfield>
      <marc:subfield code="d">9999</marc:subfield>
   </marc:datafield>
   <marc:datafield ind1=" " ind2=" " tag="041">
      <marc:subfield code="a">ger</marc:subfield>
   </marc:datafield>
   <marc:datafield ind1=" " ind2=" " tag="044">
      <marc:subfield code="c">XA-DE</marc:subfield>
   </marc:datafield>
   <marc:datafield ind1=" " ind2=" " tag="084">
      <marc:subfield code="a">12</marc:subfield>
      <marc:subfield code="a">11</marc:subfield>
      <marc:subfield code="a">200</marc:subfield>
      <marc:subfield code="a">220</marc:subfield>
      <marc:subfield code="a">230</marc:subfield>
      <marc:subfield code="q">DE-101</marc:subfield>
      <marc:subfield code="2">sdnb</marc:subfield>
   </marc:datafield>
   <marc:datafield ind1=" " ind2=" " tag="084">
      <marc:subfield code="a">3.4c</marc:subfield>
      <marc:subfield code="a">3.5a</marc:subfield>
      <marc:subfield code="a">5.2</marc:subfield>
      <marc:subfield code="a">3.4c</marc:subfield>
      <marc:subfield code="a">3.5a</marc:subfield>
      <marc:subfield code="a">5.1a</marc:subfield>
      <marc:subfield code="a">5.2</marc:subfield>
      <marc:subfield code="a">3.5</marc:subfield>
      <marc:subfield code="a">3.5a</marc:subfield>
      <marc:subfield code="a">3.6a</marc:subfield>
      <marc:subfield code="q">DE-101</marc:subfield>
      <marc:subfield code="2">sswd</marc:subfield>
   </marc:datafield>
   <marc:datafield ind1=" " ind2=" " tag="090">
      <marc:subfield code="a">b</marc:subfield>
   </marc:datafield>
   <marc:datafield ind1="1" ind2=" " tag="100">
      <marc:subfield code="0">(DE-588)12194672X</marc:subfield>
      <marc:subfield code="0">http://d-nb.info/gnd/12194672X</marc:subfield>
      <marc:subfield code="0">(DE-101)12194672X</marc:subfield>
      <marc:subfield code="a">Egenolf, Peter</marc:subfield>
      <marc:subfield code="d">1963-</marc:subfield>
      <marc:subfield code="e">Verfasser</marc:subfield>
      <marc:subfield code="4">aut</marc:subfield>
   </marc:datafield>
   <marc:datafield ind1="0" ind2="0" tag="245">
      <marc:subfield code="a">Identitätsfindung im Ordensleben</marc:subfield>
      <marc:subfield code="b">eine Auseinandersetzung mit L. M. Rulla über die spirituelle und psychosoziale Dynamik in der Ausbildung zum Ordensleben</marc:subfield>
      <marc:subfield code="c">Peter Egenolf</marc:subfield>
   </marc:datafield>
   <marc:datafield ind1=" " ind2="1" tag="264">
      <marc:subfield code="a">Frankfurt am Main</marc:subfield>
      <marc:subfield code="a">Berlin</marc:subfield>
      <marc:subfield code="a">Bern</marc:subfield>
      <marc:subfield code="a">Bruxelles</marc:subfield>
      <marc:subfield code="a">New York</marc:subfield>
      <marc:subfield code="a">Oxford</marc:subfield>
      <marc:subfield code="a">Wien</marc:subfield>
      <marc:subfield code="b">Lang</marc:subfield>
      <marc:subfield code="c">2000</marc:subfield>
   </marc:datafield>
   <marc:datafield ind1=" " ind2=" " tag="300">
      <marc:subfield code="a">242 S.</marc:subfield>
      <marc:subfield code="c">21 cm</marc:subfield>
   </marc:datafield>
   <marc:datafield ind1=" " ind2=" " tag="336">
      <marc:subfield code="a">Text</marc:subfield>
      <marc:subfield code="b">txt</marc:subfield>
      <marc:subfield code="2">rdacontent</marc:subfield>
   </marc:datafield>
   <marc:datafield ind1=" " ind2=" " tag="337">
      <marc:subfield code="a">ohne Hilfsmittel zu benutzen</marc:subfield>
      <marc:subfield code="b">n</marc:subfield>
      <marc:subfield code="2">rdamedia</marc:subfield>
   </marc:datafield>
   <marc:datafield ind1=" " ind2=" " tag="338">
      <marc:subfield code="a">Band</marc:subfield>
      <marc:subfield code="b">nc</marc:subfield>
      <marc:subfield code="2">rdacarrier</marc:subfield>
   </marc:datafield>
   <marc:datafield ind1="1" ind2=" " tag="490">
      <marc:subfield code="a">Pastoralpsychologie und Spiritualität</marc:subfield>
      <marc:subfield code="v">Bd. 3</marc:subfield>
   </marc:datafield>
   <marc:datafield ind1=" " ind2=" " tag="500">
      <marc:subfield code="a">Literaturverz. S. 233 - 241</marc:subfield>
   </marc:datafield>
   <marc:datafield ind1="2" ind2="7" tag="610">
      <marc:subfield code="0">(DE-588)2009545-4</marc:subfield>
      <marc:subfield code="0">http://d-nb.info/gnd/2009545-4</marc:subfield>
      <marc:subfield code="0">(DE-101)004691792</marc:subfield>
      <marc:subfield code="a">Katholische Kirche</marc:subfield>
      <marc:subfield code="2">gnd</marc:subfield>
   </marc:datafield>
   <marc:datafield ind1=" " ind2="7" tag="650">
      <marc:subfield code="0">(DE-588)4123409-1</marc:subfield>
      <marc:subfield code="0">http://d-nb.info/gnd/4123409-1</marc:subfield>
      <marc:subfield code="0">(DE-101)04123409X</marc:subfield>
      <marc:subfield code="a">Identitätsfindung</marc:subfield>
      <marc:subfield code="2">gnd</marc:subfield>
   </marc:datafield>
   <marc:datafield ind1=" " ind2="7" tag="650">
      <marc:subfield code="0">(DE-588)4043735-8</marc:subfield>
      <marc:subfield code="0">http://d-nb.info/gnd/4043735-8</marc:subfield>
      <marc:subfield code="0">(DE-101)040437353</marc:subfield>
      <marc:subfield code="a">Ordensleben</marc:subfield>
      <marc:subfield code="2">gnd</marc:subfield>
   </marc:datafield>
   <marc:datafield ind1=" " ind2="7" tag="650">
      <marc:subfield code="0">(DE-588)4005966-2</marc:subfield>
      <marc:subfield code="0">http://d-nb.info/gnd/4005966-2</marc:subfield>
      <marc:subfield code="0">(DE-101)040059669</marc:subfield>
      <marc:subfield code="a">Berufung</marc:subfield>
      <marc:subfield code="2">gnd</marc:subfield>
   </marc:datafield>
   <marc:datafield ind1=" " ind2="7" tag="650">
      <marc:subfield code="0">(DE-588)4043735-8</marc:subfield>
      <marc:subfield code="0">http://d-nb.info/gnd/4043735-8</marc:subfield>
      <marc:subfield code="0">(DE-101)040437353</marc:subfield>
      <marc:subfield code="a">Ordensleben</marc:subfield>
      <marc:subfield code="2">gnd</marc:subfield>
   </marc:datafield>
   <marc:datafield ind1=" " ind2="7" tag="650">
      <marc:subfield code="0">(DE-588)4059766-0</marc:subfield>
      <marc:subfield code="0">http://d-nb.info/gnd/4059766-0</marc:subfield>
      <marc:subfield code="0">(DE-101)040597660</marc:subfield>
      <marc:subfield code="a">Theologische Anthropologie</marc:subfield>
      <marc:subfield code="2">gnd</marc:subfield>
   </marc:datafield>
   <marc:datafield ind1=" " ind2="7" tag="650">
      <marc:subfield code="0">(DE-588)4047704-6</marc:subfield>
      <marc:subfield code="0">http://d-nb.info/gnd/4047704-6</marc:subfield>
      <marc:subfield code="0">(DE-101)040477045</marc:subfield>
      <marc:subfield code="a">Psychologie</marc:subfield>
      <marc:subfield code="2">gnd</marc:subfield>
   </marc:datafield>
   <marc:datafield ind1=" " ind2="7" tag="650">
      <marc:subfield code="0">(DE-588)4043735-8</marc:subfield>
      <marc:subfield code="0">http://d-nb.info/gnd/4043735-8</marc:subfield>
      <marc:subfield code="0">(DE-101)040437353</marc:subfield>
      <marc:subfield code="a">Ordensleben</marc:subfield>
      <marc:subfield code="2">gnd</marc:subfield>
   </marc:datafield>
   <marc:datafield ind1=" " ind2="7" tag="650">
      <marc:subfield code="0">(DE-588)4112628-2</marc:subfield>
      <marc:subfield code="0">http://d-nb.info/gnd/4112628-2</marc:subfield>
      <marc:subfield code="0">(DE-101)041126289</marc:subfield>
      <marc:subfield code="a">Ausbildung</marc:subfield>
      <marc:subfield code="2">gnd</marc:subfield>
   </marc:datafield>
   <marc:datafield ind1="0" ind2="0" tag="689">
      <marc:subfield code="0">(DE-588)4123409-1</marc:subfield>
      <marc:subfield code="0">http://d-nb.info/gnd/4123409-1</marc:subfield>
      <marc:subfield code="0">(DE-101)04123409X</marc:subfield>
      <marc:subfield code="D">s</marc:subfield>
      <marc:subfield code="a">Identitätsfindung</marc:subfield>
   </marc:datafield>
   <marc:datafield ind1="0" ind2="1" tag="689">
      <marc:subfield code="0">(DE-588)4043735-8</marc:subfield>
      <marc:subfield code="0">http://d-nb.info/gnd/4043735-8</marc:subfield>
      <marc:subfield code="0">(DE-101)040437353</marc:subfield>
      <marc:subfield code="D">s</marc:subfield>
      <marc:subfield code="a">Ordensleben</marc:subfield>
   </marc:datafield>
   <marc:datafield ind1="0" ind2=" " tag="689">
      <marc:subfield code="5">DE-101</marc:subfield>
      <marc:subfield code="5">DE-101</marc:subfield>
   </marc:datafield>
   <marc:datafield ind1="1" ind2="0" tag="689">
      <marc:subfield code="0">(DE-588)4005966-2</marc:subfield>
      <marc:subfield code="0">http://d-nb.info/gnd/4005966-2</marc:subfield>
      <marc:subfield code="0">(DE-101)040059669</marc:subfield>
      <marc:subfield code="D">s</marc:subfield>
      <marc:subfield code="a">Berufung</marc:subfield>
   </marc:datafield>
   <marc:datafield ind1="1" ind2="1" tag="689">
      <marc:subfield code="0">(DE-588)4043735-8</marc:subfield>
      <marc:subfield code="0">http://d-nb.info/gnd/4043735-8</marc:subfield>
      <marc:subfield code="0">(DE-101)040437353</marc:subfield>
      <marc:subfield code="D">s</marc:subfield>
      <marc:subfield code="a">Ordensleben</marc:subfield>
   </marc:datafield>
   <marc:datafield ind1="1" ind2="2" tag="689">
      <marc:subfield code="0">(DE-588)4059766-0</marc:subfield>
      <marc:subfield code="0">http://d-nb.info/gnd/4059766-0</marc:subfield>
      <marc:subfield code="0">(DE-101)040597660</marc:subfield>
      <marc:subfield code="D">s</marc:subfield>
      <marc:subfield code="a">Theologische Anthropologie</marc:subfield>
   </marc:datafield>
   <marc:datafield ind1="1" ind2="3" tag="689">
      <marc:subfield code="0">(DE-588)4047704-6</marc:subfield>
      <marc:subfield code="0">http://d-nb.info/gnd/4047704-6</marc:subfield>
      <marc:subfield code="0">(DE-101)040477045</marc:subfield>
      <marc:subfield code="D">s</marc:subfield>
      <marc:subfield code="a">Psychologie</marc:subfield>
   </marc:datafield>
   <marc:datafield ind1="1" ind2=" " tag="689">
      <marc:subfield code="5">DE-101</marc:subfield>
      <marc:subfield code="5">DE-101</marc:subfield>
   </marc:datafield>
   <marc:datafield ind1="2" ind2="0" tag="689">
      <marc:subfield code="0">(DE-588)4043735-8</marc:subfield>
      <marc:subfield code="0">http://d-nb.info/gnd/4043735-8</marc:subfield>
      <marc:subfield code="0">(DE-101)040437353</marc:subfield>
      <marc:subfield code="D">s</marc:subfield>
      <marc:subfield code="a">Ordensleben</marc:subfield>
   </marc:datafield>
   <marc:datafield ind1="2" ind2="1" tag="689">
      <marc:subfield code="0">(DE-588)2009545-4</marc:subfield>
      <marc:subfield code="0">http://d-nb.info/gnd/2009545-4</marc:subfield>
      <marc:subfield code="0">(DE-101)004691792</marc:subfield>
      <marc:subfield code="D">b</marc:subfield>
      <marc:subfield code="a">Katholische Kirche</marc:subfield>
   </marc:datafield>
   <marc:datafield ind1="2" ind2="2" tag="689">
      <marc:subfield code="0">(DE-588)4112628-2</marc:subfield>
      <marc:subfield code="0">http://d-nb.info/gnd/4112628-2</marc:subfield>
      <marc:subfield code="0">(DE-101)041126289</marc:subfield>
      <marc:subfield code="D">s</marc:subfield>
      <marc:subfield code="a">Ausbildung</marc:subfield>
   </marc:datafield>
   <marc:datafield ind1="2" ind2=" " tag="689">
      <marc:subfield code="5">DE-101</marc:subfield>
      <marc:subfield code="5">DE-101</marc:subfield>
   </marc:datafield>
   <marc:datafield ind1=" " ind2="0" tag="830">
      <marc:subfield code="a">Pastoralpsychologie und Spiritualität</marc:subfield>
      <marc:subfield code="v">Bd. 3</marc:subfield>
      <marc:subfield code="w">(DE-101)021688591</marc:subfield>
      <marc:subfield code="w">(DE-600)2045018-7</marc:subfield>
      <marc:subfield code="9">13</marc:subfield>
      <marc:subfield code="7">as</marc:subfield>
   </marc:datafield>
   <marc:datafield ind1=" " ind2=" " tag="850">
      <marc:subfield code="a">DE-101a</marc:subfield>
      <marc:subfield code="a">DE-101b</marc:subfield>
   </marc:datafield>
   <marc:datafield ind1="r" ind2=" " tag="925">
      <marc:subfield code="a">ra</marc:subfield>
   </marc:datafield>
</marc:record>
